| 000 | 00943nam a2200325 i 4500 | ||
|---|---|---|---|
| 001 | bg | ||
| 100 | 1 |
_aKostowski, Edward _d(1937- ). |
|
| 245 | 1 | 0 |
_aPrzepływ ciepła / _cEdward Kostowski. |
| 250 | _aWyd. 2. | ||
| 260 |
_aGliwice : _bWydawnictwo Politechniki Śląskiej, _c2006. |
||
| 300 |
_a396, [2] s. : _bil. ; _c24 cm. |
||
| 504 | _aBibliogr. s. 393-396. | ||
| 521 | 8 | _aPodręcznik akademicki. | |
| 650 | 9 | _aPromieniowanie cieplne | |
| 650 | 9 | _aPrzewodnictwo cieplne | |
| 655 | _aPodręczniki akademickie | ||
| 015 | _aPB 4353/2007 | ||
| 020 | _a8373353674 | ||
| 020 | _a9788373353671 | ||
| 040 | _cBPK | ||
| 041 | 0 | _apol | |
| 044 | _apol | ||
| 080 | _a536(075.8) | ||
| 907 |
_bbk _co |
||
| 920 | _a83-7335-367-4 | ||
| 920 | _a978-83-7335-367-1 | ||
| 942 | _cKS | ||
| 008 | 070226s2006 pl a f f |000 0 pol | ||
| 999 |
_c54020 _d54020 |
||
| 856 |
_uhttp://koha.tu.koszalin.pl/cgi-bin/koha/opac-detail.pl?biblionumber=54020 _yKatalog online BPK |
||